000 00920cab a22001935a 4500
001 L138844
008 070717e20070713xxkd f 000 0 eng d
035 _a(Sirsi) u138844
041 0 _aeng
100 1 _aRichardson, Sarah
245 0 0 _aGovernment work propels Kier to the top in June
260 _c2007
490 0 _aBuilding
_v272(8488) 13 July 2007, 18-19(2)
520 _aBarbour ABI's monthly figures show Davis Langdon heading the table of top quantity surveyors for the 12 months to June 2007. EC Harris were runners up, with Franklin and Andrews in third place. Balfour Beatty topped the contractors' league for the same period, with Kier taking first place for monthly work won in June 2007 (excluding civils). Also includes tables for architects and clients/promoters.
590 _aKA
651 4 _aUnited Kingdom
_y
690 _aBUILT ENVIRONMENT-QUANTITY SURVEYING-QUANTITY SURVEYORS
942 _n0
999 _c79009
_d79009